[Event "Stuttgarter Stadtmeisterschaft 2010 B"]
[Site "Ditzingen"]
[Date "2010.05.15"]
[Round "6.13"]
[White "Strauss, Martin"]
[Black "Wezel, Sebastian"]
[Result "1-0"]
[WhiteElo "1618"]
[BlackElo "1793"]
[PlyCount "67"]
[EventDate "2010.??.??"]
[WhiteTeam "SC Sillenbuch"]
[BlackTeam "SV Dettingen Erms"]

1. e4 c5 2. Nf3 Nc6 3. Bb5 g6 4. O-O Bg7 5. c3 Nf6 6. Re1 O-O 7. d4 Qb6 8. a4
a6 9. Bxc6 bxc6 10. Nbd2 d6 11. Nc4 Qc7 12. dxc5 dxc5 13. Qe2 Rb8 14. g3 Bg4
15. Bf4 Qb7 16. Bxb8 Rxb8 17. Qe3 Be6 18. Nfe5 Ng4 19. Nxg4 Bxc4 20. Qxc5 Be6
21. Ne3 Rd8 22. Red1 Rxd1+ 23. Rxd1 Bf6 24. b4 Kg7 25. Nc4 Bxc3 26. Na5 Qxb4
27. Qxb4 Bxb4 28. Nxc6 Ba3 29. Rd3 Bc5 30. Rc3 Bd6 31. e5 Bc7 32. Nd4 Bxe5 33.
Nxe6+ fxe6 34. Rc6 1-0

[Event "Stuttgarter Stadtmeisterschaft 2010 B"]
[Site "Ditzingen"]
[Date "2010.05.15"]
[Round "6.14"]
[White "Spiegelberg, Silvia"]
[Black "Uhlarz, Jörg"]
[Result "1-0"]
[WhiteElo "1609"]
[BlackElo "1792"]
[PlyCount "77"]
[EventDate "2010.??.??"]
[WhiteTeam "SK Freiburg Zähringen 1887 e.V."]
[BlackTeam "SC Mühlacker 1923 e.V."]

1. e4 g6 2. d4 Bg7 3. Nc3 d6 4. Be3 e5 5. d5 Ne7 6. f3 O-O 7. Qd2 f5 8. O-O-O
Rf7 9. h4 a5 10. h5 f4 11. Bf2 g5 12. h6 Bf8 13. g3 Ng6 14. gxf4 exf4 15. Bh3
Na6 16. Nge2 Bxh3 17. Rxh3 Qd7 18. Rh5 Be7 19. Nd4 Ne5 20. Rg1 Kf8 21. Ne6+ Ke8
22. Nxg5 Bxg5 23. Rhxg5 Qh3 24. Rg8+ Kd7 25. Rxa8 Nxf3 26. Qd1 Nxg1 27. Qxg1 f3
28. Kb1 c6 29. dxc6+ Kxc6 30. a3 Rf6 31. Qd1 Nc7 32. Rxa5 Rxh6 33. e5 Qg2 34.
Qd4 Rh1+ 35. Ka2 Qg8+ 36. b3 d5 37. Qb6+ Kd7 38. Qd6+ Kc8 39. Nxd5 1-0

[Event "Stuttgarter Stadtmeisterschaft 2010 B"]
[Site "Ditzingen"]
[Date "2010.05.15"]
[Round "6.15"]
[White "Mainik, Andreas"]
[Black "Balija, Cerim"]
[Result "0-1"]
[WhiteElo "1773"]
[BlackElo "1608"]
[PlyCount "31"]
[EventDate "2010.??.??"]
[WhiteTeam "SV Fellbach"]
[BlackTeam "Mönchfelder SV 1967"]

1. e4 e5 2. Nf3 Nc6 3. Bc4 d6 4. c3 Na5 5. Be2 Nf6 6. O-O Be7 7. Qa4+ Nc6 8.
Qc2 O-O 9. d4 Bg4 10. Nbd2 a6 11. h3 Bh5 12. Re1 Nd7 13. dxe5 Bxf3 14. exd6
Bxd6 15. Nxf3 Nde5 16. Bg5 0-1

[Event "Stuttgarter Stadtmeisterschaft 2010 B"]
[Site "Ditzingen"]
[Date "2010.05.15"]
[Round "6.16"]
[White "Keller, Marcel"]
[Black "Buzan, Raffael"]
[Result "0-1"]
[WhiteElo "1552"]
[BlackElo "1746"]
[PlyCount "66"]
[EventDate "2010.??.??"]
[WhiteTeam "SSV Zuffenhausen"]
[BlackTeam "SAbt VfL Sindelfingen"]

1. e4 c5 2. Nf3 d6 3. Bb5+ Bd7 4. Bxd7+ Qxd7 5. O-O Nf6 6. Re1 e6 7. b3 Be7 8.
Bb2 O-O 9. d4 cxd4 10. Qxd4 Nc6 11. Qd1 Rfd8 12. c4 Qc7 13. Nc3 a6 14. Qc1 Nd7
15. Qe3 Nb4 16. Qe2 Nc5 17. Red1 Bf6 18. Nd4 Nc6 19. Nxc6 Qxc6 20. f3 Qc7 21.
Qc2 Rac8 22. Ne2 Nd7 23. Bxf6 Nxf6 24. Ng3 b5 25. Rac1 Qb6+ 26. c5 dxc5 27.
Rxd8+ Qxd8 28. Rd1 Qc7 29. Qc3 h6 30. a3 c4 31. b4 Rd8 32. Rd4 Qb6 33. Ne2 e5
0-1

[Event "Stuttgarter Stadtmeisterschaft 2010 B"]
[Site "Ditzingen"]
[Date "2010.05.15"]
[Round "6.17"]
[White "Reiß, Michael"]
[Black "Werner, Stefan"]
[Result "0-1"]
[WhiteElo "1509"]
[BlackElo "1703"]
[PlyCount "102"]
[EventDate "2010.??.??"]
[WhiteTeam "SK 1926 Ettlingen"]
[BlackTeam "SSV Zuffenhausen"]

1. e4 e5 2. Nf3 Nc6 3. Bc4 Bc5 4. c3 Nf6 5. d4 exd4 6. cxd4 Bb4+ 7. Bd2 Bxd2+
8. Nbxd2 d5 9. exd5 Nxd5 10. O-O O-O 11. Ne5 Nxd4 12. Nb3 Nxb3 13. Bxd5 Nxa1
14. Bxf7+ Kh8 15. Qh5 h6 16. Rd1 Bg4 17. Ng6+ Kh7 18. Rxd8 Rxf7 19. Qd5 Rxd8
20. Qxd8 Kxg6 21. Qb8 b6 22. Qxa7 Rd7 23. g3 Bf3 24. Qa4 Rd1+ 25. Qxd1 Bxd1 26.
Kf1 Nc2 27. f4 Kf5 28. Kf2 Ke4 29. h4 Kd3 30. Kg2 Bg4 31. a3 Nd4 32. b4 Kc3 33.
Kf2 Kb3 34. Ke3 Nb5 35. Ke4 g6 36. Ke5 h5 37. Kf6 Bf5 38. Kg5 Kxa3 39. Kh6 Kxb4
40. Kg5 c5 41. Kh6 c4 42. Kg5 c3 43. Kh6 c2 44. Kg5 c1=Q 45. g4 Bxg4 46. Kh6
Qxf4+ 47. Kh7 g5 48. hxg5 Qxg5 49. Kh8 Be6 50. Kh7 h4 51. Kh8 Qg8# 0-1

[Event "Stuttgarter Stadtmeisterschaft 2010 B"]
[Site "Ditzingen"]
[Date "2010.05.15"]
[Round "6.18"]
[White "Hartmann, Anatoli"]
[Black "Wenzel, Ulrich"]
[Result "1/2-1/2"]
[WhiteElo "1591"]
[BlackElo "1699"]
[PlyCount "132"]
[EventDate "2010.??.??"]
[WhiteTeam "SC Gross-Sachsenheim"]
[BlackTeam "SAbt TSF Ditzingen"]

1. d4 d5 2. Bf4 Nf6 3. e3 e6 4. Bd3 Bd6 5. Ne2 b6 6. Nbc3 Ba6 7. Bxa6 Nxa6 8.
a3 c5 9. O-O O-O 10. Bxd6 Qxd6 11. Ng3 cxd4 12. exd4 Nc7 13. Qe2 Qd7 14. h3
Nce8 15. Nh5 Nxh5 16. Qxh5 Nd6 17. Qe2 b5 18. Nd1 Rfc8 19. c3 a5 20. Ne3 Qb7
21. Nc2 Nc4 22. Ne3 Nd6 23. Nc2 Nc4 24. Rab1 Rc7 25. Ne3 Nxe3 26. fxe3 b4 27.
cxb4 axb4 28. axb4 Qxb4 29. Kh2 Rac8 30. Qa6 g6 31. Rf3 Qb7 32. Qd6 Rd7 33. Qe5
Qc7 34. Qxc7 Rdxc7 35. Rf2 Rb8 36. b4 Rcb7 37. Rfb2 h5 38. g4 hxg4 39. hxg4 Kf8
40. Kg3 Ke7 41. Kf4 Kd6 42. g5 Rb5 43. Rb3 R8b7 44. R1b2 Rb8 45. Rb1 R8b7 46.
Ra1 Rxb4 47. Rxb4 Rxb4 48. Ra6+ Ke7 49. Ke5 Rb7 50. Ra3 Rc7 51. Rb3 Ra7 52. Rc3
Rb7 53. Ra3 Rc7 54. Ra8 Rb7 55. Rh8 Rc7 56. Rh3 Rb7 57. Kf4 Kd6 58. Rh1 Rc7 59.
Rb1 Ra7 60. Rb8 Ke7 61. Rh8 Rb7 62. Rh3 Rc7 63. Kf3 Kd6 64. Kf4 Rb7 65. Rh1 Ra7
66. Rb1 Ke7 1/2-1/2

[Event "Stuttgarter Stadtmeisterschaft 2010 B"]
[Site "Ditzingen"]
[Date "2010.05.15"]
[Round "6.19"]
[White "Duran, Suat"]
[Black "Marx, Alexander"]
[Result "1/2-1/2"]
[WhiteElo "1687"]
[BlackElo "1570"]
[PlyCount "55"]
[EventDate "2010.??.??"]
[WhiteTeam "SV Dicker Turm Esslingen"]
[BlackTeam "Pinneberger SC 1932 eV"]

1. e4 e6 2. d4 d5 3. exd5 exd5 4. Bd3 Nf6 5. Ne2 Be7 6. c3 O-O 7. O-O Bg4 8. f3
Bh5 9. Ng3 Bg6 10. Nf5 Re8 11. Nxe7+ Qxe7 12. Bg5 h6 13. Bf4 Nh5 14. Be5 Bxd3
15. Qxd3 f6 16. Qg6 fxe5 17. Qxh5 Qf7 18. Qxf7+ Kxf7 19. dxe5 Rxe5 20. Na3 Nd7
21. Rad1 c6 22. c4 Nb6 23. cxd5 Nxd5 24. Rd2 Rae8 25. Nc2 Re2 26. Rfd1 R8e7 27.
Kf1 R2e5 28. Kf2 1/2-1/2

[Event "Stuttgarter Stadtmeisterschaft 2010 B"]
[Site "Ditzingen"]
[Date "2010.05.15"]
[Round "6.20"]
[White "Körber, Christian"]
[Black "Parvin, Shahram"]
[Result "1-0"]
[WhiteElo "1669"]
[BlackElo "1471"]
[PlyCount "145"]
[EventDate "2010.??.??"]
[WhiteTeam "SF Fürth 1951 e.V."]
[BlackTeam "SK Ricklingen"]

1. d4 d5 2. Nf3 Bg4 3. Ne5 Bh5 4. c4 f6 5. Qa4+ c6 6. Nf3 dxc4 7. Qxc4 Bf7 8.
Qc2 Na6 9. e4 Nb4 10. Qc3 Nxa2 11. Rxa2 Bxa2 12. Na3 Bf7 13. d5 Rc8 14. dxc6
bxc6 15. Ba6 Rc7 16. Nb5 Rd7 17. Qxc6 e5 18. Bc8 Bb4+ 19. Bd2 Bxd2+ 20. Nxd2
Ne7 21. Nd6+ Kf8 22. Qxd7 Qxd7 23. Bxd7 Ng6 24. O-O Ke7 25. Nxf7 Kxf7 26. Bc6
Rb8 27. Nc4 Nf4 28. Ra1 Kg6 29. Rxa7 Nd3 30. Rb7 Rc8 31. Bd5 Kh6 32. h3 Ra8 33.
b4 Ra1+ 34. Kh2 Nxf2 35. b5 Rh1+ 36. Kg3 Nd3 37. b6 Rb1 38. Rc7 Nb4 39. b7 Na6
40. Rc8 Rb3+ 41. Kh2 Rb1 42. Ra8 Nc5 43. b8=Q Rxb8 44. Rxb8 Kg6 45. Rb6 Nd7 46.
Rd6 Nc5 47. Nxe5+ Kg5 48. Nf7+ Kf4 49. g3+ Ke3 50. e5 fxe5 51. Nxe5 h6 52. Ng4+
Kd4 53. Bf7+ Ke4 54. Rg6 h5 55. Nf2+ Kf3 56. Nd1 Ke2 57. Nc3+ Kd3 58. Nd5 Nd7
59. Nf4+ Ke3 60. Nxh5 Kf2 61. Nxg7 Ne5 62. Rf6+ Nf3+ 63. Rxf3+ Kxf3 64. Bd5+
Ke3 65. Nf5+ Kd3 66. h4 Kc3 67. h5 Kb4 68. h6 Kc5 69. h7 Kxd5 70. h8=Q Ke6 71.
Qd4 Kf7 72. Qd6 Kg8 73. Qc7 1-0

[Event "Stuttgarter Stadtmeisterschaft 2010 B"]
[Site "Ditzingen"]
[Date "2010.05.15"]
[Round "6.21"]
[White "Rieder, Josef"]
[Black "Helmbrecht, Kurt"]
[Result "1-0"]
[WhiteElo "1886"]
[BlackElo "1627"]
[PlyCount "55"]
[EventDate "2010.??.??"]
[WhiteTeam "Stuttgarter SF 1879"]
[BlackTeam "SV Fellbach"]

1. e4 e6 2. d4 d5 3. Nd2 dxe4 4. Nxe4 Nf6 5. Bd3 Be7 6. c3 Bd7 7. Nf3 Bc6 8.
Nxf6+ Bxf6 9. Bf4 Nd7 10. O-O Nb6 11. Re1 Qd7 12. Ne5 Bxe5 13. Bxe5 O-O-O 14.
Bg3 Nd5 15. Qe2 h5 16. h3 g5 17. Qe5 Rdg8 18. c4 Nf4 19. Bxf4 gxf4 20. d5 b6
21. Qxf4 Bb7 22. Be4 Ba6 23. b3 Qe7 24. Rad1 Rd8 25. Bf3 Rd6 26. dxe6 fxe6 27.
Rxd6 cxd6 28. Qe4 1-0

[Event "Stuttgarter Stadtmeisterschaft 2010 B"]
[Site "Ditzingen"]
[Date "2010.05.15"]
[Round "6.22"]
[White "Häfele, Torsten"]
[Black "Drapchin, Marc"]
[Result "1-0"]
[WhiteElo "1640"]
[BlackElo "1830"]
[PlyCount "59"]
[EventDate "2010.??.??"]
[WhiteTeam "SVG Vaihingen/Enz"]
[BlackTeam "SV Dicker Turm Esslingen"]

1. e4 c6 2. Nc3 d5 3. Nf3 Bg4 4. h3 Bh5 5. exd5 cxd5 6. Bb5+ Nc6 7. g4 Bg6 8.
Ne5 Qd6 9. d4 f6 10. Nxc6 bxc6 11. Ba4 e5 12. dxe5 fxe5 13. Qxd5 Rc8 14. Qxd6
Bxd6 15. Bd2 Nf6 16. O-O-O O-O 17. Be3 Bb8 18. Bc5 Rfe8 19. Bd6 Nd7 20. Bxb8
Nxb8 21. f3 Kf7 22. Rhe1 Kf6 23. h4 h5 24. Rd6+ Re6 25. g5+ Kf5 26. Rxe6 Kxe6
27. Bb3+ Kf5 28. Re4 Re8 29. Ne2 Bh7 30. Bf7 1-0

[Event "Stuttgarter Stadtmeisterschaft 2010 B"]
[Site "Ditzingen"]
[Date "2010.05.15"]
[Round "6.23"]
[White "Srokovskiy, Andrea"]
[Black "Hengster, Pascal"]
[Result "1/2-1/2"]
[WhiteElo "1726"]
[BlackElo "1514"]
[PlyCount "44"]
[EventDate "2010.??.??"]
[WhiteTeam "OSG Baden-Baden"]
[BlackTeam "SC Affalterbach"]

1. d4 e6 2. e3 Nf6 3. Nf3 b6 4. Bd3 Bb7 5. b3 d5 6. Bb2 Nbd7 7. Nbd2 c5 8. O-O
Bd6 9. Ne5 O-O 10. c4 Qc7 11. Ndf3 Ne4 12. Qc2 Rae8 13. Nxd7 Qxd7 14. Ne5 Bxe5
15. dxe5 f5 16. f4 dxc4 17. Bxc4 Rd8 18. Rad1 Qc6 19. a4 a6 20. Qe2 a5 21. Bb5
Qc8 22. Rxd8 Rxd8 1/2-1/2

[Event "Stuttgarter Stadtmeisterschaft 2010 B"]
[Site "Ditzingen"]
[Date "2010.05.15"]
[Round "6.24"]
[White "Ziegler, Michael"]
[Black "Knolmayer, Volker"]
[Result "1-0"]
[WhiteElo "1656"]
[BlackElo "1714"]
[PlyCount "63"]
[EventDate "2010.??.??"]
[WhiteTeam "SF 59 Kornwestheim"]
[BlackTeam "SAbt SG Bettringen"]

1. e4 Nc6 2. Nf3 b6 3. d4 d5 4. Bb5 Bb7 5. Ne5 Qd6 6. exd5 Qxd5 7. Qf3 Qxf3 8.
gxf3 O-O-O 9. Bxc6 Bxc6 10. Nxc6 Rd6 11. Nxa7+ Kb7 12. Nb5 Rf6 13. f4 c6 14.
N5c3 e6 15. Be3 Nh6 16. Nd2 Nf5 17. Ke2 Be7 18. Nce4 Rh6 19. Ng3 Nd6 20. Nde4
Nc4 21. b3 Na3 22. Rac1 f5 23. Ng5 Rg6 24. h4 h5 25. Nf7 Rf8 26. Ne5 Rh6 27. c4
c5 28. dxc5 bxc5 29. Rhd1 Ka6 30. Rd7 Bxh4 31. Bxc5 Bxg3 32. fxg3 1-0

[Event "Stuttgarter Stadtmeisterschaft 2010 B"]
[Site "Ditzingen"]
[Date "2010.05.15"]
[Round "6.25"]
[White "Schreiber, Stephan"]
[Black "Giugno, Carmelo"]
[Result "1-0"]
[WhiteElo "1703"]
[BlackElo "1506"]
[PlyCount "121"]
[EventDate "2010.??.??"]

1. d4 Nf6 2. Bf4 g6 3. e3 Bg7 4. Be2 d6 5. h3 Nc6 6. Nf3 Bd7 7. c4 Ne4 8. Qc2
f5 9. Nbd2 Nxd2 10. Qxd2 h6 11. d5 Ne5 12. Nxe5 dxe5 13. Qc3 Rg8 14. Bxe5 Bf8
15. c5 a5 16. c6 bxc6 17. dxc6 Be6 18. Bc4 Qc8 19. Rd1 Kf7 20. O-O Bxc4 21.
Qxc4+ Qe6 22. Qxe6+ Kxe6 23. Bxc7 Bg7 24. b3 Rgc8 25. Bg3 Rxc6 26. Rc1 Rac8 27.
Rxc6+ Rxc6 28. Rb1 Rc2 29. a3 Kd5 30. Rd1+ Ke4 31. Rd7 Rc1+ 32. Kh2 Bf6 33. Ra7
Rc5 34. Bc7 Rxc7 35. Rxa5 Be5+ 36. g3 Bd6 37. Kg2 Rc3 38. b4 Kd3 39. b5 Rxa3
40. Rxa3+ Bxa3 41. b6 Ke2 42. g4 e6 43. gxf5 exf5 44. Kg1 h5 45. Kg2 Bd6 46. b7
g5 47. Kg1 Kf3 48. Kf1 Bh2 49. Ke1 Kg2 50. f4 gxf4 51. b8=Q f3 52. Qb2+ Kxh3
53. Kf1 Bg3 54. Qf6 h4 55. Qxf5+ Kh2 56. Qxf3 h3 57. e4 Bh4 58. e5 Bg3 59. e6
Be1 60. e7 Bg3 1-0

[Event "Stuttgarter Stadtmeisterschaft 2010 B"]
[Site "Ditzingen"]
[Date "2010.05.15"]
[Round "6.26"]
[White "Wendland, Viktor"]
[Black "Philippin, Otto"]
[Result "0-1"]
[WhiteElo "1588"]
[BlackElo "1692"]
[PlyCount "58"]
[WhiteTeam "SV Backnang"]
[BlackTeam "SVG Vaihingen/Enz"]

1. d4 d6 2. c4 Nd7 3. Nc3 Ngf6 4. e4 e5 5. d5 Nc5
6. f3 a5 7. Be3 b6 8. a3 Be7 9. Nge2 O-O 10. Ng3 Kh8 11. Be2 Ng8 12. Qc2 g6 13.
O-O f5 14. exf5 gxf5 15. Bd2 f4 16. Nge4 Bf5 17. b4 axb4 18. axb4 Nxe4 19. fxe4
Bd7 20. b5 Qc8 21. Na2 Nf6 22. Nb4 Rxa1 23. Rxa1 Rg8 24. Na6 Bh3 25. Bf3 Bxg2
26. Bxg2 f3 27. Ra3 Rxg2+ 28. Kf1 Qh3 29. Qc3 Re2+ 0-1

[Event "Stuttgarter Stadtmeisterschaft 2010 B"]
[Site "Ditzingen"]
[Date "2010.05.15"]
[Round "6.27"]
[White "Vogel, Karlheinz"]
[Black "Lebeda, Lukas"]
[Result "1/2-1/2"]
[WhiteElo "1408"]
[BlackElo "1686"]
[PlyCount "79"]
[EventDate "2010.??.??"]

1. d4 d5 2. c4 c6 3. cxd5 cxd5 4. Nc3 Nc6 5. e4 dxe4 6. d5 Ne5 7. Bf4 Nd3+ 8.
Bxd3 exd3 9. Qxd3 Bd7 10. Nf3 Nf6 11. O-O g6 12. Ne4 Nxe4 13. Qxe4 Bg7 14. d6
e6 15. Bg5 f6 16. Be3 O-O 17. Qxb7 Rf7 18. Qe4 f5 19. Qc2 Rc8 20. Qd2 Bb5 21.
Rfc1 Rd7 22. Rxc8 Qxc8 23. Rc1 Qd8 24. Bc5 Bc6 25. Ng5 Bd5 26. Re1 Bh6 27. h4
Bxa2 28. f4 Bf8 29. Nxe6 Bxd6 30. Bxd6 Qb6+ 31. Qe3 Rxd6 32. Ng5 Qxe3+ 33. Rxe3
Rd1+ 34. Kf2 Rd2+ 35. Re2 Rxe2+ 36. Kxe2 Bc4+ 37. Ke3 Bb5 38. Nf3 Kf7 39. Ne5+
Ke6 40. Kd4 a6 1/2-1/2

 Kf7 39. Ne5+ Ke6 40. Kd4 a6 1/2-1/2

[Event "Stuttgarter Stadtmeisterschaft 2010 B"]
[Site "Ditzingen"]
[Date "2010.05.15"]
[Round "6.28"]
[White "Weigel, Curt"]
[Black "Götzfried, Rudolf"]
[Result "1/2-1/2"]
[WhiteElo "1554"]
[BlackElo "1668"]
[PlyCount "60"]
[WhiteTeam "SC Magstadt"]
[BlackTeam "Stuttgarter SF 1879"]

1. c4 e5 2. Nc3 Nf6 3. g3 Nc6 4. Bg2 Bc5 5. e3 d6
6. a3 a5 7. Nge2 Qe7 8. O-O O-O 9. d4 Ba7 10. Nb5 Re8 11. d5 Nb8 12. b4 Bb6 13.
Bb2 Bg4 14. Qc2 Nbd7 15. Nec3 Bh5 16. Na4 axb4 17. Nxb6 Nxb6 18. axb4 Bg6 19.
e4 h5 20. c5 Nbxd5 21. Qc4 c6 22. Nxd6 Nb6 23. Qe2 Red8 24. h4 Na4 25. Rfe1 b5
26. Rad1 Qe6 27. Ba1 Qb3 28. Rb1 Qe6 29. Qf1 Qe7 30. Bh3 1/2-1/2

[Event "Stuttgarter Stadtmeisterschaft 2010 B"]
[Site "Ditzingen"]
[Date "2010.05.15"]
[Round "6.29"]
[White "Michna, Marcus"]
[Black "Griesche, Veit"]
[Result "1/2-1/2"]
[WhiteElo "1857"]
[BlackElo "1302"]
[PlyCount "48"]
[EventDate "2010.??.??"]
[WhiteTeam "SAbt TSF Ditzingen"]
[BlackTeam "SC Steinhaldenfeld"]

1. d4 d5 2. e4 dxe4 3. Nc3 Nf6 4. f3 e3 5. Bxe3 e6 6. Bd3 Bb4 7. a3 Bxc3+ 8.
bxc3 O-O 9. Ne2 Nbd7 10. O-O b6 11. Ng3 Nd5 12. Bd2 Bb7 13. Qe2 c5 14. Ne4 Qe7
15. f4 N5f6 16. Ng5 h6 17. Nf3 Qd6 18. Ne5 cxd4 19. g4 Qd5 20. g5 Nxe5 21. fxe5
Qh1+ 22. Kf2 Qg2+ 23. Ke1 Qxe2+ 24. Kxe2 dxc3 1/2-1/2

[Event "Stuttgarter Stadtmeisterschaft 2010 B"]
[Site "Ditzingen"]
[Date "2010.05.15"]
[Round "6.30"]
[White "Wendland, Tobias"]
[Black "Felser, Martin"]
[Result "1/2-1/2"]
[WhiteElo "1630"]
[BlackElo "1894"]
[PlyCount "93"]
[WhiteTeam "SV Backnang"]
[BlackTeam "SK Marktoberdorf"]

1. d4 d5 2. c4 e6 3. Nc3 Nf6 4. Bg5 Be7 5. Nf3
Nbd7 6. e3 h6 7. Bh4 O-O 8. Rc1 c6 9. Bd3 dxc4 10. Bxc4 Nb6 11. Bd3 Nbd5 12.
O-O Nxc3 13. bxc3 Qa5 14. Qc2 b6 15. e4 Ba3 16. Rb1 Nd7 17. Nd2 Qh5 18. Bg3 Be7
19. f4 Nf6 20. Rbe1 Qa5 21. Nf3 c5 22. Ne5 Bb7 23. Nc4 Qa6 24. Nd6 b5 25. Nxb5
Rac8 26. dxc5 Bxc5+ 27. Kh1 Nxe4 28. Bxe4 Bxe4 29. Qxe4 Qxb5 30. Qe2 Qxe2 31.
Rxe2 Bb6 32. Rc2 Rc4 33. Be1 Rd8 34. g3 Rd3 35. Kg2 Rd1 36. Bf2 Rxf1 37. Kxf1
Bxf2 38. Kxf2 Kf8 39. Ke3 Ke7 40. Kd3 Rc6 41. c4 g5 42. Kd4 gxf4 43. gxf4 Kf6
44. Ke4 Rc5 45. Kd4 Rc6 46. Ke4 Rc5 47. Kd4 1/2-1/2

[Event "Stuttgarter Stadtmeisterschaft 2010 B"]
[Site "Ditzingen"]
[Date "2010.05.15"]
[Round "6.31"]
[White "Hennig, Jan"]
[Black "Steinmassl, Guido"]
[Result "1/2-1/2"]
[WhiteElo "1783"]
[BlackElo "1550"]
[PlyCount "43"]
[WhiteTeam "SF 59 Kornwestheim"]
[BlackTeam "SK e4 Gerlingen"]

1. c4 Nf6 2. Nc3 c5 3. g3 Nc6 4. Bg2 e6 5. d3 Be7
6. Bg5 d6 7. Rb1 O-O 8. a3 h6 9. Bd2 d5 10. cxd5 exd5 11. Nf3 Bf5 12. Nh4 Be6
13. O-O Rc8 14. Re1 d4 15. Na4 Ng4 16. b4 Bxh4 17. bxc5 Qf6 18. f3 Bxg3 19.
hxg3 Ne3 20. Bxe3 dxe3 21. Rxb7 Qg5 22. Kh2 Qh5+ 1/2-1/2

[Event "Stuttgarter Stadtmeisterschaft 2010 B"]
[Site "Ditzingen"]
[Date "2010.05.15"]
[Round "6.32"]
[White "Pfeilsticker, Thorsten"]
[Black "Zaytsev, Evgeny"]
[Result "1/2-1/2"]
[WhiteElo "1635"]
[BlackElo "1775"]
[PlyCount "139"]
[EventDate "2010.??.??"]
[WhiteTeam "SV Stuttgart-Wolfbusch 1956 e.V."]
[BlackTeam "Stuttgarter SF 1879"]

1. d4 Nf6 2. Nf3 g6 3. e3 Bg7 4. Bd3 O-O 5. Nbd2 d6 6. O-O Nbd7 7. e4 e5 8. c3
c5 9. d5 Nb6 10. c4 Bd7 11. b3 a5 12. Bb2 Nh5 13. g3 f5 14. Be2 f4 15. Ne1 fxg3
16. fxg3 Rxf1+ 17. Nxf1 Nf6 18. Bf3 a4 19. Nd2 h5 20. Ng2 Be8 21. Nb1 g5 22.
Nc3 g4 23. Be2 Bg6 24. Bd3 Qd7 25. Qf1 Rf8 26. Qe2 Nh7 27. Nh4 Be8 28. Rf1 Ng5
29. Rxf8+ Bxf8 30. Bc1 Nh3+ 31. Kg2 axb3 32. axb3 Be7 33. Nf5 Nc8 34. Nd1 Bg5
35. Bxg5 Nxg5 36. Nh4 Na7 37. Qf1 Qf7 38. Nf5 Qd7 39. Nh4 b5 40. Qf6 Nh7 41.
Qh6 bxc4 42. Bxc4 Nc8 43. Nc3 Qf7 44. Qd2 Qf6 45. Qe3 Bd7 46. Bb5 Bxb5 47. Nxb5
Qg5 48. Kf2 Qf6+ 49. Kg2 Ng5 50. Nc3 Qd8 51. Nf5 Nf7 52. Nh6+ Kg7 53. Nxf7 Kxf7
54. Qh6 Qa5 55. Qxh5+ Ke7 56. Qg5+ Kf7 57. Qf5+ Ke7 58. Qg5+ Kf7 59. Qe3 Qa1
60. h4 gxh3+ 61. Kxh3 Qf1+ 62. Kg4 Ne7 63. Qf3+ Qxf3+ 64. Kxf3 Ng6 65. Kg4 Ke7
66. Kf5 Nh8 67. Nb5 Nf7 68. Kg4 Kf6 69. Kf3 Kg5 70. Nc7 1/2-1/2

[Event "Stuttgarter Stadtmeisterschaft 2010 B"]
[Site "Ditzingen"]
[Date "2010.05.15"]
[Round "6.33"]
[White "Zeitler, Waldemar"]
[Black "Herbst, Rudolf"]
[Result "1/2-1/2"]
[WhiteElo "1544"]
[BlackElo "1765"]
[PlyCount "118"]
[WhiteTeam "SC Gross-Sachsenheim"]
[BlackTeam "SK Neuhausen"]

1. d4 d5 2. Nc3 c6 3. f4 Nf6 4. Nf3 h6 5. h3 Bf5
6. e3 e6 7. Bd3 Ne4 8. O-O Ng3 9. Rf2 Ne4 10. Bxe4 dxe4 11. Ne5 Nd7 12. Ne2
Nxe5 13. fxe5 Be7 14. g4 Bg6 15. Nf4 Bh7 16. Ng2 Bh4 17. Nxh4 Qxh4 18. Kg2 O-O
19. Bd2 Rfd8 20. Be1 Qg5 21. Rf4 Rd7 22. Bb4 Rad8 23. Qf1 Qh4 24. Qf2 Qxf2+ 25.
Rxf2 b6 26. Ba3 a5 27. c3 Rc8 28. b3 c5 29. Bb2 cxd4 30. exd4 Bg6 31. Re2 f5
32. exf6 gxf6 33. Rd1 b5 34. Kf2 Kf7 35. Ke3 f5 36. Rf2 Rd5 37. Rg1 Kf6 38. h4
Rc7 39. g5+ hxg5 40. hxg5+ Kg7 41. Rh1 f4+ 42. Rxf4 Rxg5 43. Kf2 Bf5 44. Rg1
Kg6 45. Rh1 Rd7 46. Rg1 Rh7 47. Rxg5+ Kxg5 48. Bc1 Kf6 49. Ke1 Rh3 50. Bb2 Ke7
51. c4 Rh1+ 52. Rf1 Rh2 53. Rf2 Rh1+ 54. Kd2 Rb1 55. Ke3 Re1+ 56. Re2 Rd1 57.
Kf4 b4 58. d5 Rf1+ 59. Ke5 Bg4 1-0

[Event "Stuttgarter Stadtmeisterschaft 2010 B"]
[Site "Ditzingen"]
[Date "2010.05.15"]
[Round "6.34"]
[White "Gheng, Hannelore"]
[Black "Sigmund, Wolfgang"]
[Result "0-1"]
[WhiteElo "1692"]
[BlackElo "1421"]
[PlyCount "76"]
[EventDate "2010.??.??"]

1. e4 e5 2. Nf3 Nc6 3. Bc4 Bc5 4. c3 Nf6 5. d4 exd4 6. cxd4 Bb4+ 7. Nc3 Nxe4 8.
O-O Bxc3 9. d5 Bf6 10. Re1 Ne7 11. Rxe4 d6 12. Bg5 Bxg5 13. Nxg5 Bf5 14. Rf4
Bg6 15. Qf3 O-O 16. Bd3 Bxd3 17. Qxd3 Ng6 18. Rf5 Qe7 19. f4 h6 20. Ne4 Rae8
21. Re1 Qh4 22. g3 Qg4 23. Rf6 Rxe4 24. Rxe4 gxf6 25. Rc4 Qd7 26. Rb4 c6 27. f5
Ne7 28. Qe4 Kh7 29. dxc6 bxc6 30. g4 Rc8 31. h4 d5 32. Qf4 Qc7 33. Qe3 c5 34.
Rf4 d4 35. Qf3 Qc6 36. Qf2 Re8 37. Rf3 Qe4 38. g5 Nd5 0-1

[Event "Stuttgarter Stadtmeisterschaft 2010 B"]
[Site "Ditzingen"]
[Date "2010.05.15"]
[Round "6.35"]
[White "Bay, Johannes"]
[Black "Moll, Nino"]
[Result "1-0"]
[WhiteElo "1650"]
[BlackElo "1336"]
[PlyCount "46"]
[EventDate "2010.??.??"]

1. e4 b6 2. d4 Bb7 3. d5 g6 4. c4 Bg7 5. f4 d6 6. Nf3 Nd7 7. Bd3 Nc5 8. Bc2 Qd7
9. O-O O-O-O 10. Nbd2 e6 11. Rb1 exd5 12. cxd5 Ba6 13. Re1 Kb7 14. b4 Nd3 15.
Bxd3 Bxd3 16. Rb3 Bb5 17. Rbe3 Bh6 18. g3 Qg4 19. Bb2 Bxf4 20. Bxh8 Bxg3 21.
hxg3 Qxg3+ 22. Kh1 Qh3+ 23. Nh2 Nh6 1-0

[Event "Stuttgarter Stadtmeisterschaft 2010 B"]
[Site "Ditzingen"]
[Date "2010.05.15"]
[Round "6.36"]
[White "Mejerski, Stephan"]
[Black "Dallinger, Moritz"]
[Result "1/2-1/2"]
[WhiteElo "1635"]
[BlackElo "1418"]
[PlyCount "58"]
[EventDate "2010.??.??"]

1. e4 e5 2. f4 d5 3. exd5 exf4 4. Nf3 Nf6 5. Be2 Nxd5 6. O-O Nc6 7. c3 Bd6 8.
d4 O-O 9. Nbd2 Qf6 10. Ne4 Qh6 11. Nxd6 Qxd6 12. c4 Ne3 13. Bxe3 fxe3 14. a3
Bg4 15. d5 Ne5 16. Qd4 Nxf3+ 17. Bxf3 Bxf3 18. Rxf3 e2 19. Re1 Rfe8 20. Re3
Rxe3 21. Qxe3 Qb6 22. Rxe2 Qxe3+ 23. Rxe3 Kf8 24. Kf2 Re8 25. b4 f6 26. a4 b6
27. Kf3 Rxe3+ 28. Kxe3 Ke7 29. Kd4 g6 1/2-1/2

[Event "Stuttgarter Stadtmeisterschaft 2010 B"]
[Site "Ditzingen"]
[Date "2010.05.15"]
[Round "6.37"]
[White "Steimbach, Isabel"]
[Black "Schmitz, Harald"]
[Result "1/2-1/2"]
[WhiteElo "1543"]
[BlackElo "1741"]
[PlyCount "55"]
[EventDate "2010.??.??"]

1. e4 e6 2. d4 d5 3. e5 c5 4. c3 Nc6 5. Nf3 Bd7 6. a3 Qb6 7. b4 cxd4 8. cxd4
Rc8 9. Bb2 Nh6 10. Nbd2 a5 11. b5 Ne7 12. a4 Ng6 13. g3 Bb4 14. Bd3 O-O 15. O-O
f5 16. Nb3 Qd8 17. Ba3 Bxa3 18. Rxa3 b6 19. Qd2 Qe7 20. Raa1 Nf7 21. Kg2 h6 22.
h4 Ngh8 23. h5 Ng5 24. Nxg5 Qxg5 25. Qxg5 hxg5 26. Rac1 Nf7 27. f3 Nh6 28. Be2
1/2-1/2

[Event "Stuttgarter Stadtmeisterschaft 2010 B"]
[Site "Ditzingen"]
[Date "2010.05.15"]
[Round "6.38"]
[White "Schmidt, Tobias"]
[Black "Wang, Julia"]
[Result "0-1"]
[WhiteElo "1537"]
[BlackElo "1722"]
[PlyCount "84"]
[EventDate "2010.??.??"]

1. e4 a6 2. d4 b5 3. Nf3 Bb7 4. Bd3 e6 5. O-O c5 6. c3 Be7 7. Be3 c4 8. Bc2 Nf6
9. Nbd2 O-O 10. Ne1 d5 11. e5 Nfd7 12. Qg4 Re8 13. Bh6 Bf8 14. f4 f5 15. exf6
Nxf6 16. Qg3 Nbd7 17. Bd1 Qb6 18. Nef3 b4 19. cxb4 Qxb4 20. Rb1 Qb6 21. Bg5 Ne4
22. Qe1 Nxg5 23. fxg5 e5 24. b3 c3 25. Nc4 dxc4 26. Qxc3 Rac8 27. Be2 Be4 28.
Bxc4+ Kh8 29. Rbd1 exd4 30. Nxd4 Nc5 31. Kh1 Be7 32. h4 Qb7 33. Rd2 Nd3 34.
Rxd3 Bxg2+ 35. Kg1 Bxf1 36. Kxf1 Qh1+ 37. Kf2 Qxh4+ 38. Kf1 Bxg5 39. Rh3 Rf8+
40. Ke2 Qg4+ 41. Ke1 Rce8+ 42. Be2 Qg1# 0-1